Šťastnejší Šťastný princ

Bibliographic Details
Main Author: Vajda, Igor, 1935-2001 (Author)
Format: Article
Language:Slovak
Subjects:

MARC

LEADER 00000nab a2200000 ar4500
001 vtls009520964
003 SK-MaSNL
005 20260426105748.0
008 090603c1988 xo ||||||||||||00 ||slo
015 |a SNBRB2009/06  |2 snkbucl 
038 |a SNKBUCL 
040 |a SNKBUCL  |b slo  |c SNKBUCL  |e AACR2 
041 0 |a slo 
044 |a xo  |c SK 
080 |a 792.5  |2 2001 
100 1 |a Vajda, Igor,  |d 1935-2001  |4 aut  |9 461792 
245 1 0 |a Šťastnejší Šťastný princ  |c I. Vajda 
600 1 7 |a Hatrík, Juraj,  |d 1941-2021  |t Šťastný princ  |2 snkbucl  |9 218260 
600 1 7 |a Stravinskij, Igor,  |d 1882-1971  |t Slávik  |2 snkbucl  |9 1628347 
610 2 7 |a Slovenské národné divadlo.  |b Opera  |2 snkbucl  |9 65024 
650 0 7 |a opery  |2 snkbucl  |9 3214 
650 0 7 |a operné inscenácie  |2 snkbucl  |9 3330 
655 7 |a recenzie  |2 snkbucl  |9 21907 
773 0 |t Nové slovo  |g Roč. 30, č. 30 (1988) 
773 0 |i Príl.:  |t Nedeľa  |g Roč. VII, č. 30 (1988), s. 6 
852 |a SNK  |b KIS3GCP 
999 |c 3360513  |d 3362443